000 00789nam a2200229Ia 4500
003 GCL
008 140319s9999 xx 000 0 ara d
040 _aGCL /
_cGCL
082 0 4 _a805
_bح غ
100 1 _aعبدالرحمن الشرقاوى
245 1 0 _aالغد: الفن فى سبيل الحياة: مجلة شهرية للادب والفن والثقافة /
_cعبدالرحمن الشرقاوى
700 1 _aحسن فؤاد
300 _a162 ص
490 _aالهيئة العامة للاستعلامات
_v0
650 0 4 _aالشعر العربى
650 0 4 _aالادب العربى
650 0 4 _aالمقالات العربية
650 0 4 _aالسينما
650 0 4 _aالدوريات
650 0 4 _aالادب العربى - مجموعات
942 _2ddc
_cBK
999 _c51572
_d51572